000 00582nam a22002057a 4500
005 20240429103255.0
008 240429b |||||||| |||| 00| 0 eng d
020 _a9789386691323
082 _a617.96
_bBAR.-C
100 _aBarash Paul G,
245 _aClinical Anesthesia /
_cBarash Paul G,Bruce F Cullen,Robert K Stoelting
250 _a8th ed.
260 _aindia;
_bWolter cluwer:
_c2017.
300 _axxii,1788p.
_bill;
_c27 cm.
500 _aInclude index .
650 _aMedical / Anesthesia
700 _aBruce F Cullen
700 _aRobert K Stoelting
999 _c35621
_d35621